书目信息 |
| 题名: |
现代集装箱码头经营管理
|
|
| 作者: | 于汝民 主编 | |
| 分册: | ||
| 出版信息: | 北京 人民交通出版社 2007.08 |
|
| 页数: | 541页 | |
| 开本: | 23cm | |
| 丛书名: | ||
| 单 册: | ||
| 中图分类: | U656.106 | |
| 科图分类: | ||
| 主题词: | 集装箱码头--ji zhuang xiang ma tou--管理 | |
| 电子资源: | ||
| ISBN: | 978-7-114-06745-7 | |
| 000 | 00823nam0 2200229 450 | |
| 001 | 012008797647 | |
| 005 | 20080517165904.82 | |
| 010 | @a978-7-114-06745-7@dCNY168.00 | |
| 100 | @a20080517d2007 em y0chiy0120 ea | |
| 101 | 0 | @achi |
| 102 | @aCN@b110000 | |
| 105 | @aack z 000yy | |
| 106 | @ar | |
| 200 | 1 | @a现代集装箱码头经营管理@Axian dai ji zhuang xiang ma tou jing ying guan li@f于汝民主编@Fyu ru min zhu bian |
| 210 | @a北京@c人民交通出版社@d2007.08 | |
| 215 | @a541页@c图, 肖像@d23cm | |
| 330 | @a本书系统总结了我国国际集装箱运输的发展历程,并从现代物流的角度,深刻分析了现代集装箱码头经营管理对物流发展的重要作用等。 | |
| 606 | 0 | @a集装箱码头@Aji zhuang xiang ma tou@x管理 |
| 690 | @aU656.106@v4 | |
| 701 | 0 | @a于汝民@Ayu ru min@4主编 |
| 801 | 0 | @aCN@bQSSK@c20080517 |
| 905 | @b712898-900@dU656.106@eY722@f3 | |
| 现代集装箱码头经营管理/于汝民主编.-北京:人民交通出版社,2007.08 |
| 541页:图, 肖像;23cm |
| ISBN 978-7-114-06745-7:CNY168.00 |
| 本书系统总结了我国国际集装箱运输的发展历程,并从现代物流的角度,深刻分析了现代集装箱码头经营管理对物流发展的重要作用等。 |
| ● |
| 相关链接 |
|
|
|
正题名:现代集装箱码头经营管理
索取号:U656.106/Y722
 
预约/预借
| 序号 | 登录号 | 条形码 | 馆藏地/架位号 | 状态 | 备注 |
| 1 | 712898 | 207128981 | 自科库501/501自科库 59排1列3层/ [索取号:U656.106/Y722] | 在馆 | |
| 2 | 712899 | 207128990 | 自科库501/501自科库 59排1列3层/ [索取号:U656.106/Y722] | 在馆 | |
| 3 | 712900 | 207129007 | 自科库501/501自科库 59排1列3层/ [索取号:U656.106/Y722] | 在馆 |